<?xml version="1.0" encoding="UTF-8"?>
<collection xmlns="http://www.loc.gov/MARC21/slim">
 <record>
  <leader>03248aam a22003618a 4500</leader>
  <controlfield tag="001">NCT_15724</controlfield>
  <controlfield tag="008">090610s2008                  ||||||viesd</controlfield>
  <datafield tag="999" ind1=" " ind2=" ">
   <subfield code="c">748</subfield>
   <subfield code="d">748</subfield>
  </datafield>
  <datafield tag="020" ind1=" " ind2=" ">
   <subfield code="c">85000</subfield>
  </datafield>
  <datafield tag="082" ind1="0" ind2="4">
   <subfield code="2">23rd ed.</subfield>
   <subfield code="a">658.3</subfield>
   <subfield code="b">Th121</subfield>
  </datafield>
  <datafield tag="100" ind1="1" ind2=" ">
   <subfield code="a">Nguyễn Hữu Thân</subfield>
  </datafield>
  <datafield tag="245" ind1="1" ind2="0">
   <subfield code="a">Quản trị nhân sự =</subfield>
   <subfield code="b">Human resource management : Dành cho các doanh nghiệp và các tổ chức tại Việt Nam...</subfield>
   <subfield code="c">Nguyễn Hữu Thân</subfield>
  </datafield>
  <datafield tag="250" ind1=" " ind2=" ">
   <subfield code="a">Tái bản lần thứ 9</subfield>
  </datafield>
  <datafield tag="260" ind1=" " ind2=" ">
   <subfield code="a">H.</subfield>
   <subfield code="b">Lao động Xã hội</subfield>
   <subfield code="c">2008</subfield>
  </datafield>
  <datafield tag="300" ind1=" " ind2=" ">
   <subfield code="a">502tr.</subfield>
   <subfield code="b">bảng</subfield>
   <subfield code="c">24cm</subfield>
  </datafield>
  <datafield tag="520" ind1="3" ind2=" ">
   <subfield code="a">Trình bày tổng quát về quản trị tài nguyên nhân sự. Hoạch định, tuyển mộ và tuyển chọn nhân viên. Phát triển, lương thưởng và giao tế nhân sự</subfield>
  </datafield>
  <datafield tag="653" ind1=" " ind2=" ">
   <subfield code="a">Quản trị kinh doanh</subfield>
  </datafield>
  <datafield tag="942" ind1=" " ind2=" ">
   <subfield code="2">ddc</subfield>
   <subfield code="c">BK</subfield>
  </datafield>
  <datafield tag="952" ind1=" " ind2=" ">
   <subfield code="0">0</subfield>
   <subfield code="1">0</subfield>
   <subfield code="2">ddc</subfield>
   <subfield code="4">0</subfield>
   <subfield code="6">658_300000000000000_TH121</subfield>
   <subfield code="7">0</subfield>
   <subfield code="9">2783</subfield>
   <subfield code="a">000001</subfield>
   <subfield code="b">000001</subfield>
   <subfield code="d">2017-11-07</subfield>
   <subfield code="l">1</subfield>
   <subfield code="o">658.3 Th121</subfield>
   <subfield code="p">MD.05141</subfield>
   <subfield code="r">2019-04-12</subfield>
   <subfield code="s">2019-04-10</subfield>
   <subfield code="v">90000.00</subfield>
   <subfield code="w">2017-11-07</subfield>
   <subfield code="y">BK</subfield>
  </datafield>
  <datafield tag="952" ind1=" " ind2=" ">
   <subfield code="0">0</subfield>
   <subfield code="1">0</subfield>
   <subfield code="2">ddc</subfield>
   <subfield code="4">0</subfield>
   <subfield code="6">658_300000000000000_TH121</subfield>
   <subfield code="7">0</subfield>
   <subfield code="9">2784</subfield>
   <subfield code="a">000001</subfield>
   <subfield code="b">000001</subfield>
   <subfield code="d">2017-11-07</subfield>
   <subfield code="l">2</subfield>
   <subfield code="o">658.3 Th121</subfield>
   <subfield code="p">MD.05142</subfield>
   <subfield code="r">2019-04-11</subfield>
   <subfield code="s">2019-04-03</subfield>
   <subfield code="v">90000.00</subfield>
   <subfield code="w">2017-11-07</subfield>
   <subfield code="y">BK</subfield>
  </datafield>
  <datafield tag="952" ind1=" " ind2=" ">
   <subfield code="0">0</subfield>
   <subfield code="1">0</subfield>
   <subfield code="2">ddc</subfield>
   <subfield code="4">0</subfield>
   <subfield code="6">658_300000000000000_TH121</subfield>
   <subfield code="7">0</subfield>
   <subfield code="9">2785</subfield>
   <subfield code="a">000001</subfield>
   <subfield code="b">000001</subfield>
   <subfield code="d">2017-11-07</subfield>
   <subfield code="o">658.3 Th121</subfield>
   <subfield code="p">MD.05143</subfield>
   <subfield code="r">2017-11-07</subfield>
   <subfield code="v">90000.00</subfield>
   <subfield code="w">2017-11-07</subfield>
   <subfield code="y">BK</subfield>
  </datafield>
  <datafield tag="952" ind1=" " ind2=" ">
   <subfield code="0">0</subfield>
   <subfield code="1">0</subfield>
   <subfield code="2">ddc</subfield>
   <subfield code="4">0</subfield>
   <subfield code="6">658_300000000000000_TH121</subfield>
   <subfield code="7">0</subfield>
   <subfield code="9">2786</subfield>
   <subfield code="a">000001</subfield>
   <subfield code="b">000001</subfield>
   <subfield code="d">2017-11-07</subfield>
   <subfield code="l">1</subfield>
   <subfield code="o">658.3 Th121</subfield>
   <subfield code="p">MD.05144</subfield>
   <subfield code="r">2020-11-13</subfield>
   <subfield code="s">2020-11-09</subfield>
   <subfield code="v">90000.00</subfield>
   <subfield code="w">2017-11-07</subfield>
   <subfield code="y">BK</subfield>
  </datafield>
  <datafield tag="952" ind1=" " ind2=" ">
   <subfield code="0">0</subfield>
   <subfield code="1">0</subfield>
   <subfield code="2">ddc</subfield>
   <subfield code="4">0</subfield>
   <subfield code="6">658_300000000000000_TH121</subfield>
   <subfield code="7">0</subfield>
   <subfield code="9">2787</subfield>
   <subfield code="a">000001</subfield>
   <subfield code="b">000001</subfield>
   <subfield code="d">2017-11-07</subfield>
   <subfield code="l">3</subfield>
   <subfield code="o">658.3 Th121</subfield>
   <subfield code="p">MD.05145</subfield>
   <subfield code="r">2020-03-20</subfield>
   <subfield code="s">2020-03-06</subfield>
   <subfield code="v">90000.00</subfield>
   <subfield code="w">2017-11-07</subfield>
   <subfield code="y">BK</subfield>
  </datafield>
  <datafield tag="952" ind1=" " ind2=" ">
   <subfield code="0">0</subfield>
   <subfield code="1">0</subfield>
   <subfield code="2">ddc</subfield>
   <subfield code="4">0</subfield>
   <subfield code="6">658_300000000000000_TH121</subfield>
   <subfield code="7">0</subfield>
   <subfield code="9">2788</subfield>
   <subfield code="a">000001</subfield>
   <subfield code="b">000001</subfield>
   <subfield code="d">2017-11-07</subfield>
   <subfield code="l">3</subfield>
   <subfield code="o">658.3 Th121</subfield>
   <subfield code="p">MD.05146</subfield>
   <subfield code="r">2019-04-11</subfield>
   <subfield code="s">2019-04-09</subfield>
   <subfield code="v">90000.00</subfield>
   <subfield code="w">2017-11-07</subfield>
   <subfield code="y">BK</subfield>
  </datafield>
  <datafield tag="952" ind1=" " ind2=" ">
   <subfield code="0">0</subfield>
   <subfield code="1">0</subfield>
   <subfield code="2">ddc</subfield>
   <subfield code="4">0</subfield>
   <subfield code="6">658_300000000000000_TH121</subfield>
   <subfield code="7">0</subfield>
   <subfield code="9">2789</subfield>
   <subfield code="a">000001</subfield>
   <subfield code="b">000001</subfield>
   <subfield code="d">2017-11-07</subfield>
   <subfield code="l">1</subfield>
   <subfield code="o">658.3 Th121</subfield>
   <subfield code="p">MD.05147</subfield>
   <subfield code="r">2019-01-14</subfield>
   <subfield code="s">2018-12-20</subfield>
   <subfield code="v">90000.00</subfield>
   <subfield code="w">2017-11-07</subfield>
   <subfield code="y">BK</subfield>
  </datafield>
  <datafield tag="952" ind1=" " ind2=" ">
   <subfield code="0">0</subfield>
   <subfield code="1">0</subfield>
   <subfield code="2">ddc</subfield>
   <subfield code="4">0</subfield>
   <subfield code="6">658_300000000000000_TH121</subfield>
   <subfield code="7">0</subfield>
   <subfield code="9">2790</subfield>
   <subfield code="a">000001</subfield>
   <subfield code="b">000001</subfield>
   <subfield code="d">2017-11-07</subfield>
   <subfield code="l">1</subfield>
   <subfield code="o">658.3 Th121</subfield>
   <subfield code="p">MD.05148</subfield>
   <subfield code="r">2019-04-11</subfield>
   <subfield code="s">2019-03-29</subfield>
   <subfield code="v">90000.00</subfield>
   <subfield code="w">2017-11-07</subfield>
   <subfield code="y">BK</subfield>
  </datafield>
  <datafield tag="952" ind1=" " ind2=" ">
   <subfield code="0">0</subfield>
   <subfield code="1">0</subfield>
   <subfield code="2">ddc</subfield>
   <subfield code="4">0</subfield>
   <subfield code="6">658_300000000000000_TH121</subfield>
   <subfield code="7">0</subfield>
   <subfield code="9">2791</subfield>
   <subfield code="a">000001</subfield>
   <subfield code="b">000001</subfield>
   <subfield code="d">2017-11-07</subfield>
   <subfield code="l">1</subfield>
   <subfield code="o">658.3 Th121</subfield>
   <subfield code="p">MD.05149</subfield>
   <subfield code="r">2019-03-01</subfield>
   <subfield code="s">2019-02-20</subfield>
   <subfield code="v">90000.00</subfield>
   <subfield code="w">2017-11-07</subfield>
   <subfield code="y">BK</subfield>
  </datafield>
  <datafield tag="952" ind1=" " ind2=" ">
   <subfield code="0">0</subfield>
   <subfield code="1">0</subfield>
   <subfield code="2">ddc</subfield>
   <subfield code="4">0</subfield>
   <subfield code="6">658_300000000000000_TH121</subfield>
   <subfield code="7">0</subfield>
   <subfield code="9">2792</subfield>
   <subfield code="a">000001</subfield>
   <subfield code="b">000001</subfield>
   <subfield code="d">2017-11-07</subfield>
   <subfield code="l">1</subfield>
   <subfield code="o">658.3 Th121</subfield>
   <subfield code="p">MD.05150</subfield>
   <subfield code="r">2020-07-29</subfield>
   <subfield code="s">2020-07-13</subfield>
   <subfield code="v">90000.00</subfield>
   <subfield code="w">2017-11-07</subfield>
   <subfield code="y">BK</subfield>
  </datafield>
  <datafield tag="952" ind1=" " ind2=" ">
   <subfield code="0">0</subfield>
   <subfield code="1">0</subfield>
   <subfield code="2">ddc</subfield>
   <subfield code="4">0</subfield>
   <subfield code="6">658_300000000000000_TH121</subfield>
   <subfield code="7">0</subfield>
   <subfield code="9">2793</subfield>
   <subfield code="a">000001</subfield>
   <subfield code="b">000001</subfield>
   <subfield code="d">2017-11-07</subfield>
   <subfield code="o">658.3 Th121</subfield>
   <subfield code="p">MD.05151</subfield>
   <subfield code="r">2017-11-07</subfield>
   <subfield code="v">90000.00</subfield>
   <subfield code="w">2017-11-07</subfield>
   <subfield code="y">BK</subfield>
  </datafield>
  <datafield tag="952" ind1=" " ind2=" ">
   <subfield code="0">0</subfield>
   <subfield code="1">0</subfield>
   <subfield code="2">ddc</subfield>
   <subfield code="4">0</subfield>
   <subfield code="6">658_300000000000000_TH121</subfield>
   <subfield code="7">0</subfield>
   <subfield code="9">2794</subfield>
   <subfield code="a">000001</subfield>
   <subfield code="b">000001</subfield>
   <subfield code="d">2017-11-07</subfield>
   <subfield code="o">658.3 Th121</subfield>
   <subfield code="p">MD.05152</subfield>
   <subfield code="r">2017-11-07</subfield>
   <subfield code="v">90000.00</subfield>
   <subfield code="w">2017-11-07</subfield>
   <subfield code="y">BK</subfield>
  </datafield>
  <datafield tag="952" ind1=" " ind2=" ">
   <subfield code="0">0</subfield>
   <subfield code="1">0</subfield>
   <subfield code="2">ddc</subfield>
   <subfield code="4">0</subfield>
   <subfield code="6">658_300000000000000_TH121</subfield>
   <subfield code="7">0</subfield>
   <subfield code="9">2795</subfield>
   <subfield code="a">000001</subfield>
   <subfield code="b">000001</subfield>
   <subfield code="d">2017-11-07</subfield>
   <subfield code="l">3</subfield>
   <subfield code="o">658.3 Th121</subfield>
   <subfield code="p">MD.05153</subfield>
   <subfield code="r">2019-04-11</subfield>
   <subfield code="s">2019-04-03</subfield>
   <subfield code="v">90000.00</subfield>
   <subfield code="w">2017-11-07</subfield>
   <subfield code="y">BK</subfield>
  </datafield>
  <datafield tag="952" ind1=" " ind2=" ">
   <subfield code="0">0</subfield>
   <subfield code="1">0</subfield>
   <subfield code="2">ddc</subfield>
   <subfield code="4">0</subfield>
   <subfield code="6">658_300000000000000_TH121</subfield>
   <subfield code="7">0</subfield>
   <subfield code="9">2796</subfield>
   <subfield code="a">000001</subfield>
   <subfield code="b">000001</subfield>
   <subfield code="d">2017-11-07</subfield>
   <subfield code="l">1</subfield>
   <subfield code="o">658.3 Th121</subfield>
   <subfield code="p">MD.05154</subfield>
   <subfield code="r">2020-03-27</subfield>
   <subfield code="s">2020-03-17</subfield>
   <subfield code="v">90000.00</subfield>
   <subfield code="w">2017-11-07</subfield>
   <subfield code="y">BK</subfield>
  </datafield>
  <datafield tag="980" ind1=" " ind2=" ">
   <subfield code="a">Thư viện Trường Đại học Nam Cần Thơ</subfield>
  </datafield>
 </record>
</collection>
